000 00472nam a2200181Ia 4500
005 20250508161858.0
008 008 250505s9999 xx 000 0 eng d
037 _aTextual
040 _aFEDL
_beng
_cFEDL
041 _aeng
_2eng
084 _a378, ROU
_qFEDL
100 _aRourke Francis E
_9604471
245 0 _aManagerial revolution in higher education
260 _c1968
300 _a182p.
942 _cTEXL
_h378, ROU
999 _c1372893
_d1372893